|
|
|
|
| LEADER |
00738nam a2200169 4500 |
| 005 |
20230626230446.0 |
| 245 |
|
|
|a VOCÊ tem um mês para criar a melhor foto de sua cidade.
|
| 500 |
|
|
|a Os artigos de jornais digitalizados encontram-se disponíveis na biblioteca.
|
| 510 |
|
|
|a A Tribuna,
|b Vitória, ES,
|c 29/09/1977, p.07, c.1-2.
|
| 650 |
|
0 |
|a IJSN
|9 358
|
| 650 |
|
0 |
|a CIDADES
|9 44
|
| 650 |
|
0 |
|9 410
|a FOTO
|
| 650 |
|
0 |
|a ESPÍRITO SANTO-ESTADO
|9 44958
|
| 856 |
|
|
|u /ConteudoDigital/20160701_aj03738_ijsn2.pdf
|
| 942 |
|
|
|c AJ
|
| 952 |
|
|
|0 0
|1 0
|3 Jornal
|4 0
|5 0
|6 AJ_03738_000000000000000
|7 0
|9 325526
|a BIBLIO
|b BIBLIO
|c Jornal
|d 2014-09-29
|e Digital
|l 0
|o AJ03738
|p 325505
|r 2014-09-29 00:00:00
|w 2014-09-29
|y AJ
|6 AJ_03738_000000000000000
|w 2014-09-29
|
| 999 |
|
|
|c 321298
|d 321298
|